| 000 | 00403nam a2200169Ia 4500 | ||
|---|---|---|---|
| 100 | _aSnedakar/ Susan | ||
| 650 | _aProject Management | ||
| 942 | _cBK | ||
| 366 | _f25 | ||
| 654 | _aproject management | ||
| 245 | _aSyngress IT security Project Management Handbook | ||
| 260 |
_bSyngress Publisher _c2006 |
||
| 082 |
_a5.15 _bSNE |
||
| 300 | _a612 | ||
| 546 |
_aENGLISH _celectronics |
||
| 999 |
_c34138 _d34138 |
||